000 00302 a2200133 4500
001 153872
040 _cEscola São Tomás de Aquino
100 _aJUNQUEIRA, Sonia
240 1 0 _aO peru de peruca
_lpor
245 1 0 _aO peru de peruca
362 0 _a1996
697 _a*LITERATURA INFANTIL
942 _cBK
999 _c153872
_d153872